000
00271nam a22001217a 4500
008
180307b xxu||||| |||| 00| 0 eng d
041
_a
eng
080
_a
611
100
_a
6
101
_a
ana
245
_a
introduction to plant physiology
_c
meyer.a
942
_2
udc
_c
BK
999
_c
44352
_d
44352